Cooperativa agricola cesenate : cinquant'anni di storia /

Wedi'i Gadw mewn:
Manylion Llyfryddiaeth
Prif Awduron: Benedetti, Simona (Awdur), Onofri, Valdes (Awdur), Panzavolta, Luca (Awdur)
Awdur Corfforaethol: Cooperativa agricola cesenate
Fformat: Llyfr
Iaith:Eidaleg
Cyhoeddwyd: Forli : Edit Sapim, 1999
Cyfres:Mnemusa. Saggi e ricerche ; 1
Tagiau: Ychwanegu Tag
Dim Tagiau, Byddwch y cyntaf i dagio'r cofnod hwn!

MARC

LEADER 00000nam a22000007i 4500
001 IT\ICCU\UBO\1783952
003 ItRI
005 20260115232347.0
008 020722s1999 it |||||| ||||| |||||c
040 |b ita  |c importazione bologna sebina 
041 7 |a ita  |2 ISO-639-2 
100 1 |a Benedetti, Simona  |0 IT\ICCU\MILV\111240  |4 aut 
245 1 0 |a Cooperativa agricola cesenate :  |b cinquant'anni di storia /  |c Simona Benedetti, Valdes Onofri, Luca Panzavolta ; Cooperativa agricola cesenate. 
260 |a Forli :  |b Edit Sapim,  |c 1999 
300 |a 205 p. ;  |c 24 cm. 
700 1 |a Onofri, Valdes  |0 IT\ICCU\RAVV\095084  |4 aut 
700 1 |a Panzavolta, Luca  |0 IT\ICCU\UBOV\673075  |4 aut 
710 2 |a Cooperativa agricola cesenate  |0 IT\ICCU\UBOV\673078 
830 0 |a Mnemusa. Saggi e ricerche ;  |v 1  |0 IT\ICCU\UBO\1784025 
942 |2 ddc  |c BK  |n 0 
952 |0 0  |1 0  |4 0  |6 DOC_338_109000000000000_BEN  |7 0  |9 24794  |a BO  |b BO  |d 2026-01-15  |i 6103  |l 0  |o DOC 338.109 BEN  |p BO6103  |r 2026-01-15 23:23:47  |w 2026-01-15  |x [Sebina 5] [1 v.]  |y BK  |z 1 v. 
999 |c 21076  |d 21076